000 00719cab a2200229 4500
001 ABS45309
008 090401t1991 xxu||||| |||| 00| 0 eng d
035 _a(Sirsi) u52253
041 _aeng
100 _aNoordermeer, H.
245 _aDoing business in the Netherlands
260 _c1991
350 _a0
490 _aSingle Market Monitor
_v3(11) August 1991, 82-83(2)
520 _aInformation on the three ways of setting up in the Netherlands as a branch, a subsidiary or a limited company. Includes brief details on employment, tax and exchange controls.
650 _aEMPLOYMENT
650 _aNETHERLANDS
650 _aTAX SYSTEM
690 _aOVERSEAS-EUROPE
942 _n0
948 _c04/03/1997
999 _c32408
_d32408